Los animales : protagonistas de nuestra tierra [cd-rom]

Guardado en:
Formato: Libro
Publicado: Madrid : Rueda, 2004
Materias:
Etiquetas: Agregar Etiqueta
Sin Etiquetas, Sea el primero en etiquetar este registro!
LEADER 00542nam a22001695a 4500
001 CEM.cems018035
005 20130904103407.0
008 130507s2004##################000#0#####d
003 CEMS
082 0 4 |a CD591.7143 
245 0 0 |a Los animales :  |b protagonistas de nuestra tierra [cd-rom] 
260 |a Madrid :  |b Rueda,  |c 2004 
300 |a 1 CD-ROM 
500 |a Acompaña al texto Los animales : protagonistas de nuestra tierra 
653 |a Animales 
653 |a Vida de los animales 
859 |a CEMS  |b BIB. CEMS - Agricultura  |h CD591.7143  |i An546  |p A0059.013  |t Ej.1